00000000nam 2200000zi 4500
0019.931871
003CaOODSP
00520241118150115
006m     o  d f      
007cr |n|||||||||
008231229e198011##qucdb   ob   f|0| 0 fre d
040 |aCaOODSP|bfre|erda|cCaOODSP
043 |an-cn-qu
0861 |aCW66-1447/1980F-PDF
1001 |aLehoux, Denis, |eauteur.
24510|aEffet du pâturage sur la faune et la flore du marais côtier de la Réserve nationale de faune du Cap Tourmente / |cpar Denis Lehoux et André Bourget.
264 1|a[Sainte-Foy, Québec] : |bService canadien de la faune, Région du Québec, |cnovembre 1980.
300 |a1 ressource en ligne (vi, 47, [2] pages) : |bcartes, graphiques
336 |atexte|btxt|2rdacontent/fre
337 |ainformatique|bc|2rdamedia/fre
338 |aressource en ligne|bcr|2rdacarrier/fre
500 |aÉdition numérisée de l’imprimé [par Environnement et changement climatique Canada].
504 |aComprend des références bibliographiques.
650 0|aMarsh ecology|zQuébec (Province)
650 0|aGrazing,|zQuébec (Province)
650 6|aÉcologie des marais|zQuébec (Province)
650 6|aPâturage|zQuébec (Province)
651 0|aCap Tourmente National Wildlife Area (Quebec)
651 6|aRéserve nationale de faune du Cap-Tourmente (Québec)
7102 |aService canadien de la faune. |bRégion du Québec, |eorganisme de publication.
85640|qPDF|s3.80 Mo|uhttps://publications.gc.ca/collections/collection_2024/eccc/cw66/CW66-1447-1980-fra.pdf